| 000 | 00404nam a2200157 4500 | ||
|---|---|---|---|
| 001 | 143571 | ||
| 003 | ES-MaACL | ||
| 005 | 20230906200841.0 | ||
| 007 | t| | ||
| 008 | 070214s1930 fr r ||||1| fre d | ||
| 100 | 1 |
_aSerge, Victor. _9105542 |
|
| 245 | 1 | 4 |
_aLes hommes dans la prison / _cVictor Serge. |
| 260 |
_aParis : _b[s.n.], _c1930. |
||
| 300 |
_a16 p. ; _c19 cm. |
||
| 852 |
_aES-MaACL _j1713-F-16 |
||
| 999 |
_c143571 _d143571 |
||